000 00627nam a22002052 4500
001 0000018456
005 20151217152128.0
008 091030s xx 000 0 eng d
020 _a1418809691 :
040 _aKABU
_cKABU
100 1 _aCiampa, Mark.
_@0000177724
245 1 0 _aSecurity awareness :
_bapplying practical security in your world /
_cMark Ciampa.
250 _a2nd ed.
260 _aBoston :
_bCource Technology,
_c2007.
300 _axv, 248 p.
650 0 _aComputer networks
_xSecurity measures.
_@0000148224
908 _a091030
950 _@1
999 _c8577
_d8577